[Event "Heusenstamm Sparkassen op-A 2nd"]
[Site "Heusenstamm"]
[Date "2015.11.28"]
[Round "4"]
[White "Laufenburg, Frank"]
[Black "Reichel, Guenther"]
[Result "1/2-1/2"]
[WhiteElo "1768"]
[BlackElo "1745"]
[PlyCount "49"]
[EventDate "2015.11.26"]
[EventType "swiss"]
[EventRounds "7"]
[EventCountry "GER"]
[SourceTitle "EXT 2018"]
[Source "ChessBase"]
[SourceDate "2017.10.13"]
[SourceVersion "1"]
[SourceVersionDate "2017.10.13"]
[SourceQuality "1"]

1. Nf3 c5 2. b3 Nc6 3. Bb2 e6 4. e3 Nf6 5. Be2 Be7 6. 0-0 0-0 7. d3 b5 8. a4 b4 9. Nbd2 Bb7 10. Ne5 Qc7 11. Nxc6 Bxc6 12. Nc4 d6 13. e4 Nd7 14. Ne3 Bf6 15. Bxf6 Nxf6 16. f4 d5 17. e5 Nd7 18. Qe1 f6 19. exf6 Rxf6 20. g3 Re8 21. Bf3 Qd6 22. Ng4 Rf7 23. Qd2 e5 24. Rae1 Rfe7 25. fxe5 1/2-1/2

[Event "Kiel op 28th"]
[Site "Kiel"]
[Date "2015.07.29"]
[Round "7"]
[White "Rohmann, Volker"]
[Black "Laufenburg, Frank"]
[Result "1/2-1/2"]
[WhiteElo "1841"]
[BlackElo "1746"]
[PlyCount "45"]
[EventDate "2015.07.25"]
[EventType "swiss"]
[EventRounds "9"]
[EventCountry "GER"]
[SourceTitle "CBM 167 Extra"]
[Source "ChessBase"]
[SourceDate "2015.09.14"]
[SourceVersion "1"]
[SourceVersionDate "2015.09.14"]
[SourceQuality "1"]

1. e4 c6 2. d4 d5 3. Nc3 g6 4. Nf3 Bg7 5. Be2 Bg4 6. Be3 e6 7. Qd2 Nd7 8. 0-0-0 Qa5 9. Kb1 Nb6 10. h3 Bxf3 11. gxf3 h5 12. e5 Bf8 13. Qe1 Nh6 14. Bd3 Nc4 15. Bxc4 dxc4 16. Bxh6 Bxh6 17. Ne4 Qxe1 18. Rhxe1 Bf8 19. a4 b6 20. c3 0-0-0 21. Kc2 Be7 22. f4 Kc7 23. f3 1/2-1/2

[Event "Kiel op 28th"]
[Site "Kiel"]
[Date "2015.07.26"]
[Round "4"]
[White "Laufenburg, Frank"]
[Black "Rosenburg, Hauke"]
[Result "0-1"]
[WhiteElo "1746"]
[BlackElo "1862"]
[PlyCount "136"]
[EventDate "2015.07.25"]
[EventType "swiss"]
[EventRounds "9"]
[EventCountry "GER"]
[SourceTitle "CBM 167 Extra"]
[Source "ChessBase"]
[SourceDate "2015.09.14"]
[SourceVersion "1"]
[SourceVersionDate "2015.09.14"]
[SourceQuality "1"]

1. Nf3 d5 2. b3 Nf6 3. Bb2 Bf5 4. e3 Nbd7 5. Be2 e6 6. 0-0 Be7 7. d3 0-0 8. Nh4 Bg6 9. Nxg6 hxg6 10. Nd2 c5 11. e4 Qc7 12. Bf3 Rfd8 13. Re1 d4 14. a4 Rac8 15. Nc4 a6 16. a5 e5 17. Bg4 Nxg4 18. Qxg4 Nf6 19. Qg3 Bd6 20. Bc1 Qe7 21. Bg5 Bc7 22. Bxf6 gxf6 23. f3 Kg7 24. Kf2 Rh8 25. Ke2 Rh5 26. h3 f5 27. Rf1 f4 28. Qf2 f5 29. Rg1 Kf7 30. Ra4 fxe4 31. dxe4 Rd8 32. Kd3 Rg5 33. Raa1 Rg3 34. Qd2 Rh8 35. Qf2 Qd7 36. Rgb1 Qb5 37. Ra4 g5 38. Rg1 Rg8 39. Ke2 g4 40. hxg4 d3+ 41. Kxd3 R8xg4 42. Kd2 Rg8 43. Kc1 Qc6 44. Nb6 Bxb6 45. axb6 Qxb6 46. Rc4 Rc8 47. Qd2 Rd8 48. Qc3 Rd4 49. Rxc5 Rxe4 50. Rc7+ Kf6 51. Rh1 Qe3+ 52. Qxe3 Rxe3 53. Rxb7 Rxg2 54. Rb6+ Kg5 55. Rf1 Rg3 56. Rxa6 Rexf3 57. Rxf3 Rxf3 58. Kd1 e4 59. Ke2 Re3+ 60. Kd2 Rg3 61. b4 Rg2+ 62. Ke1 Rxc2 63. Rd6 e3 64. Rd3 Rb2 65. Kf1 Rxb4 66. Rd1 f3 67. Re1 Rb3 68. Rc1 Kf4 0-1

[Event "Kiel op 28th"]
[Site "Kiel"]
[Date "2015.07.26"]
[Round "3"]
[White "Schulz, Gerhard1111"]
[Black "Laufenburg, Frank"]
[Result "1/2-1/2"]
[WhiteElo "1858"]
[BlackElo "1746"]
[PlyCount "38"]
[EventDate "2015.07.25"]
[EventType "swiss"]
[EventRounds "9"]
[EventCountry "GER"]
[SourceTitle "CBM 167 Extra"]
[Source "ChessBase"]
[SourceDate "2015.09.14"]
[SourceVersion "1"]
[SourceVersionDate "2015.09.14"]
[SourceQuality "1"]

1. d4 d5 2. Nf3 Nf6 3. e3 c6 4. Bd3 Bg4 5. Nbd2 e6 6. c3 Bd6 7. e4 dxe4 8. Nxe4 Nxe4 9. Bxe4 Nd7 10. 0-0 Qc7 11. h3 Bh5 12. Re1 0-0-0 13. a4 a5 14. Bd3 Bf4 15. Bxf4 Qxf4 16. Re3 Nf6 17. Qc2 Bxf3 18. Rxf3 Qc7 19. Re1 h6 1/2-1/2

[Event "Kiel op 28th"]
[Site "Kiel"]
[Date "2015.07.25"]
[Round "2"]
[White "Zimmermann, Manfred"]
[Black "Laufenburg, Frank"]
[Result "1-0"]
[WhiteElo "1957"]
[BlackElo "1746"]
[PlyCount "87"]
[EventDate "2015.07.25"]
[EventType "swiss"]
[EventRounds "9"]
[EventCountry "GER"]
[SourceTitle "CBM 167 Extra"]
[Source "ChessBase"]
[SourceDate "2015.09.14"]
[SourceVersion "1"]
[SourceVersionDate "2015.09.14"]
[SourceQuality "1"]

1. d4 c6 2. Nf3 d5 3. e3 Nf6 4. Nbd2 e6 5. Bd3 Nbd7 6. b3 Bd6 7. Bb2 0-0 8. Ne5 c5 9. 0-0 Qe7 10. f4 cxd4 11. exd4 g6 12. Qe2 b6 13. Rf2 Bb7 14. g4 Bxe5 15. dxe5 Ne8 16. Nf3 Ng7 17. Nd4 a6 18. Re1 Rfe8 19. Qf3 f6 20. exf6 Nxf6 21. Rfe2 Qf7 22. f5 exf5 23. gxf5 Rxe2 24. Rxe2 Ne4 25. fxg6 hxg6 26. Rg2 Qxf3 27. Nxf3 Kh7 28. Ne5 Nf5 29. Rxg6 Ne3 30. Rg3 Rg8 31. Rxg8 Kxg8 32. Bd4 Nd1 33. Bxb6 Ndc3 34. a4 Na2 35. Ba5 Nac3 36. Ng4 Kg7 37. h4 Bc8 38. Nf2 Kh6 39. Kg2 Kh5 40. Bd8 Bb7 41. Kf3 Nc5 42. Kg3 N3e4+ 43. Nxe4 dxe4 44. Bc4 1-0

[Event "Rhein Main op-B 18th"]
[Site "Bad Homburg"]
[Date "2015.06.04"]
[Round "2"]
[White "Laufenburg, Frank"]
[Black "Al Butmeh, Firas"]
[Result "1-0"]
[WhiteElo "1776"]
[BlackElo "809"]
[PlyCount "71"]
[EventDate "2015.06.03"]
[EventType "swiss"]
[EventRounds "7"]
[EventCountry "GER"]
[SourceTitle "CBM 167 Extra"]
[Source "ChessBase"]
[SourceDate "2015.09.14"]
[SourceVersion "1"]
[SourceVersionDate "2015.09.14"]
[SourceQuality "1"]

1. Nf3 d5 2. b3 c6 3. Bb2 Nf6 4. e3 Bf5 5. Be2 Nbd7 6. 0-0 e6 7. Ne5 Bd6 8. f4 Qc7 9. d4 Ne4 10. Nd2 Ndf6 11. c4 0-0 12. h3 Bg6 13. c5 Be7 14. b4 b5 15. Nb3 Ng3 16. Re1 Nfe4 17. Na5 f6 18. Nexc6 Be8 19. Nxe7+ Qxe7 20. Rc1 Rc8 21. Rc2 f5 22. Bf3 Bc6 23. Bxe4 Nxe4 24. Qe2 a6 25. Ra1 Qh4 26. Bc3 Qh6 27. Be1 Rf6 28. Nxc6 Rxc6 29. a4 Rg6 30. Kh2 Rf6 31. axb5 axb5 32. Qxb5 e5 33. dxe5 Rg6 34. Ra8+ Kf7 35. Qb7+ Ke6 36. Qxc6+ 1-0

[Event "Frankfurt-chA"]
[Site "Frankfurt"]
[Date "2015.05.18"]
[Round "4"]
[White "Laufenburg, Frank"]
[Black "Friedel, Thomas"]
[Result "1/2-1/2"]
[WhiteElo "1595"]
[BlackElo "1505"]
[PlyCount "37"]
[EventDate "2015.04.27"]
[EventType "swiss"]
[EventRounds "7"]
[EventCountry "GER"]
[SourceTitle "EXT 2016"]
[Source "ChessBase"]
[SourceDate "2015.10.08"]
[SourceVersion "1"]
[SourceVersionDate "2015.10.08"]
[SourceQuality "1"]

1. Nf3 d5 2. b3 Nf6 3. Bb2 Bg4 4. e3 e6 5. Be2 Bd6 6. Ne5 Bxe2 7. Qxe2 0-0 8. 0-0 Nbd7 9. Nxd7 Nxd7 10. d3 Be5 11. Bxe5 Nxe5 12. d4 Nd7 13. Nd2 Nf6 14. c4 c6 15. c5 Qc7 16. f4 Rfe8 17. b4 a6 18. h3 Nd7 19. Nf3 1/2-1/2

[Event "Frankfurt-chA"]
[Site "Frankfurt"]
[Date "2015.04.27"]
[Round "1"]
[White "Egenolf, Dirk"]
[Black "Laufenburg, Frank"]
[Result "0-1"]
[WhiteElo "1930"]
[BlackElo "1595"]
[PlyCount "68"]
[EventDate "2015.04.27"]
[EventType "swiss"]
[EventRounds "7"]
[EventCountry "GER"]
[SourceTitle "EXT 2016"]
[Source "ChessBase"]
[SourceDate "2015.10.08"]
[SourceVersion "1"]
[SourceVersionDate "2015.10.08"]
[SourceQuality "1"]

1. e4 c6 2. Nf3 d5 3. Nc3 d4 4. Ne2 c5 5. d3 Nc6 6. g3 e5 7. Bg2 Be7 8. 0-0 Nf6 9. h3 h6 10. Ne1 0-0 11. f4 Be6 12. f5 Bd7 13. g4 Nh7 14. Bd2 Qb6 15. b3 Rfc8 16. Nf3 f6 17. h4 Qd8 18. Rf2 b5 19. Ng3 a5 20. Bf1 Be8 21. Qc1 Bf7 22. Rg2 c4 23. Nh5 c3 24. Be1 a4 25. Rb1 axb3 26. axb3 Ra2 27. Nxg7 Kxg7 28. g5 fxg5 29. hxg5 Nxg5 30. Nxg5 Bxg5 31. Bh4 Kf8 32. Bxg5 hxg5 33. Rxg5 Rxc2 34. Qxc2 Qxg5+ 0-1